Eurovision Song Lyrics - Cyprus - Statistics

General Stats
  • This quiz has been taken 17 times
  • The average score is 198 of 306
Answer Stats
Answer % Correct
a
100%
You
100%
you
100%
break,
93%
break
93%
broken
93%
can’t
93%
can’t,
93%
heart
93%
heart!
93%
I
87%
me
87%
The
80%
the
80%
to
80%
To
80%
(To
80%
An
73%
an
73%
and
73%
And
73%
in
73%
am
67%
are
67%
lift
67%
on
67%
survivor
67%
but
60%
But
60%
Oh,
60%
Oh
60%
(Oh...)
60%
up
60%
who
60%
another
53%
another)
53%
gutter
53%
move
53%
see
53%
do
47%
leave
47%
my
47%
your
47%
For
40%
I’m
40%
kiss,
40%
of
40%
tear
40%
With
40%
all
33%
ashes
33%
ashes…
33%
by
33%
did
33%
it
33%
lights
33%
Lights,
33%
loved
33%
miss
33%
out
33%
rising
33%
was
33%
apart
27%
best
27%
didn’t
27%
Feel
27%
from
27%
gasoline
27%
get
27%
life
27%
matchstick
27%
mind
27%
need
27%
Red
27%
that
27%
torn
27%
addiction
20%
bleeding
20%
fiction
20%
got
20%
ground
20%
her
20%
hit
20%
hurt
20%
into
20%
minor
20%
Science
20%
songs
20%
went
20%
worst
20%
wrong
20%
all-time
13%
filled
13%
find
13%
flashes,
13%
high
13%
highest
13%
I’ll
13%
low
13%
over
13%
telling
13%
turning
13%
used
13%
fever
7%
ways
7%
Ah-ah-ah-ah...
0%
Ah-ah-ah-ah-ah-ah...
0%
Ooh-ooh-ooh-ooh-ooh...
0%
Woo-ooh-ooh...
0%
Woo-ooh-ooh-ooh-ooh-ooh-ooh...
0%
No matching quizzes found
Score Distribution
Percent of People with Each Score
Percentile by Number Answered
Your Score History
You have not taken this quiz